Mammal Emojis - Statistics

General Stats
  • This quiz has been taken 18 times
  • The average score is 20 of 38
Answer Stats
Mammals % Correct
Cat
93%
Dog
93%
Elephant
73%
Horse
73%
Lion
73%
Tiger
73%
Bear
67%
Cow
67%
Giraffe
67%
Mouse
67%
Rat
67%
Whale
67%
Dolphin
60%
Koala
60%
Leopard
60%
Monkey
60%
Pig
60%
Rabbit
60%
Wolf
60%
Zebra
60%
Deer
53%
Goat
53%
Gorilla
53%
Kangaroo
53%
Sheep
53%
Water Buffalo/Buffalo
47%
Bat
40%
Badger
33%
Camel
33%
Fox
33%
Llama
33%
Panda
33%
Chipmunk
27%
Hamster
27%
Hedgehog
27%
Raccoon
27%
Hippopotamus
20%
Rhinoceros
13%
No matching quizzes found
Score Distribution
Percent of People with Each Score
Percentile by Number Answered
Your Score History
You have not taken this quiz